<?xml version="1.0" encoding="UTF-8"?>
<collection xmlns="http://www.loc.gov/MARC21/slim">
  <record>
    <leader>00000nam  2200000   4500</leader>
    <controlfield tag="001">INLIS000000000020355</controlfield>
    <controlfield tag="005">20250616100509</controlfield>
    <datafield tag="035" ind1="#" ind2="#">
      <subfield code="a">0010-0625000097</subfield>
    </datafield>
    <controlfield tag="007">ta</controlfield>
    <controlfield tag="008">250616################|##########|#|##</controlfield>
    <datafield tag="084" ind1="#" ind2="#">
      <subfield code="a">R 0010 PKN I 2024</subfield>
    </datafield>
    <datafield tag="100" ind1=" " ind2="#">
      <subfield code="a">Mira Puspita Rini</subfield>
    </datafield>
    <datafield tag="245" ind1="1" ind2="#">
      <subfield code="a">Strategi Membanfgun Arsip Kepresidenan Bagi Publik Dalam Mendukung  MemoriKolektif Bangsa /</subfield>
      <subfield code="c">Mira Puspita Rini</subfield>
    </datafield>
    <datafield tag="250" ind1="#" ind2="#">
      <subfield code="a">1</subfield>
    </datafield>
    <datafield tag="260" ind1="#" ind2="#">
      <subfield code="a">Jakarta :</subfield>
      <subfield code="b">Pusbangkom Pimnas,</subfield>
      <subfield code="c">2024</subfield>
    </datafield>
    <datafield tag="300" ind1="#" ind2="#">
      <subfield code="a">130 :</subfield>
      <subfield code="b">ilus ;</subfield>
      <subfield code="c">29 x 21 x 1</subfield>
    </datafield>
    <datafield tag="650" ind1="#" ind2="4">
      <subfield code="a">Kearsipan</subfield>
    </datafield>
    <datafield tag="520" ind1="#" ind2="#">
      <subfield code="a">presiden. Pusat Studi Arsip Statis Kepresidenan (Pusdipres) adalah unsur&#13;
pendukung pelaksana tugas dan fungsi ANRI, mengemban tugas melaksanakan&#13;
penyelamatan, pengolahan serta pemanfaatan arsip statis kepresidenan. Dalam pelaksanaan tugas dan fungsinya tentu saja Pusdipres memiliki&#13;
berbagai isu permasalahan yang harus diselesaikan dalam pelaksanaan&#13;
pelayanan publik kepada masyarakat. Proyek perubahan ini dibuat dengan judul&#13;
Strategi Membangun Arsip Kepresidenan Bagi Publik dalam Mendukung&#13;
Memori Kolektif Bangsa. Implementasi proyek perubahan ini telah dilakukan&#13;
dengan prioritas kegiatan yang ada dalam milestone/tahapan jangka pendek dan&#13;
berhasil mengerjakan target kegiatan jangka pendek serta sebagian tahapan&#13;
jangka menengah. Capaian utama jangka pendek yang dihasilkan dalam proyek perubahan&#13;
ini adalah ; Penetapan surat keputusan/perintah tentang Tim Tata Laksana&#13;
Strategi Membangun Arsip Kepresidenan, Penyempurnaan Sistem Informasi&#13;
Pusdipres dan Sosialisasi dan Desiminasi Pusat Studi Arsip Statis Kepresidenan. Target penetapan jangka menengah yang berhasil di capai pada tahapan jangka&#13;
pendek adalah Kolaborasi Kerjasama Mitra Pusat Studi Arsip Statis&#13;
Kepresidenan serta Portal Subdomain Laman Pusdipres “Presidenpedia”. Melalui proyek perubahan ini sinergitas kolaborasi dengan stakeholder&#13;
dan eksternal telah dibangun, sehingga diharapkan mampu secara optimal&#13;
menyediakan arsip statis kepresidenan yang utuh dan lengkap secara nasional&#13;
sehingga dapat diakses oleh publik dengan memanfaatkan teknologi informasi&#13;
serta tersosialisasikannya memori kolektif bangsa sehingga dapat meningkatkan&#13;
ilmu pengetahuan bagi masyarakat .</subfield>
    </datafield>
    <datafield tag="856" ind1="#" ind2="#">
      <subfield code="a">Perpustakaan Pusat LAN</subfield>
    </datafield>
    <datafield tag="990" ind1="#" ind2="#">
      <subfield code="a">2024/1.2.1/A/0010</subfield>
    </datafield>
  </record>
</collection>
